00970nam a22002177a 450000500170000001000260001702000300004303500140007303500140008703700090010108200100011010000250012024500440014526000610018927000890025030000700033994200240040999900190043395201440045295201560059620241206123433.0 aENG-128994 ENG-142880 c950.00a978-81-940517-3-2 aEN-112526 aEN-126412 bDBAD a359.3 aSahi, Arindam974781 aMajor Operations Navy/cBy Arindam Sahi aUttar PradeshbFalguni Publishers and Distributorsc2021 bUttar PradeshaRTB-160, Royal Tower, Shipra Sun City, Indirapuram, Ghaziabade201014 a312p.c23cm(hbk)bIncluding Bibliographical references and index. 2ddccENh359.3mSAH c177268d177268 001040708NFICaAVbAVd2021-02-16eDBAD/PUBg950.00l1o359.3 SAHpEN-112526r2022-10-15 00:00:00s2022-10-06t1v950.00w2021-02-16yEN 001040708NFICaRKPbRKPd2024-12-06eDelivery of Books Act Divisiong950.00l0o359.3 SAHpEN-126412r2024-12-06 00:00:00t1v950.00w2024-12-06yEN